[Event "Hastings Premier 1984/85 60th"]
[Site "Hastings"]
[Date "1985.01.03"]
[Round "1"]
[White "Djuric, Stefan"]
[Black "Abramovic, Bosko"]
[Result "1/2-1/2"]
[WhiteElo "2490"]
[BlackElo "2480"]
[PlyCount "25"]
[EventDate "1984.12.29"]
[EventType "tourn"]
[EventRounds "13"]
[EventCountry "ENG"]
[EventCategory "9"]
[SourceTitle "Britbase"]
[Source "John Saunders"]
[SourceDate "2025.01.01"]
[SourceVersion "1"]
[SourceVersionDate "2025.01.01"]
[SourceQuality "1"]

1. d4 Nf6 2. c4 e6 3. Nc3 d5 4. Bg5 Be7 5. e3 h6 6. Bh4 O-O 7. Nf3 b6 8. cxd5 Nxd5 9. Bxe7 Qxe7 10. Nxd5 exd5 11. Rc1 Be6 12. Qa4 c5 13. Qa3 {n.b. round 1 was  scheduled for 29 December 1984 but the two Yugoslav players had not  arrived due to not receiving their Home Office visas in good time (see The Times, 31 December 1984). Consequently they played on the first rest day  which was 3 January.} 1/2-1/2

[Event "Hastings Premier 1984/85 60th"]
[Site "Hastings"]
[Date "1984.12.29"]
[Round "1"]
[White "Martin, Andrew D"]
[Black "Hebert, Jean"]
[Result "0-1"]
[WhiteElo "2445"]
[BlackElo "2395"]
[PlyCount "60"]
[EventDate "1984.12.29"]
[EventType "tourn"]
[EventRounds "13"]
[EventCountry "ENG"]
[EventCategory "9"]
[SourceTitle "Britbase"]
[Source "John Saunders"]
[SourceDate "2025.01.01"]
[SourceVersion "1"]
[SourceVersionDate "2025.01.01"]
[SourceQuality "1"]

1. d4 Nf6 2. Nf3 e6 3. Bg5 h6 4. Bxf6 Qxf6 5. e4 d6 6. Nc3 Nd7 7. Qd2 a6 8. Bd3 c5 9. e5 dxe5 10. Ne4 Qf4 11. dxe5 Qxd2+ 12. Kxd2 b5 13. c4 Bb7 14. b3 O-O-O 15. Ke3 Nb6 16. Rhc1 f6 17. exf6 gxf6 18. Ke2 bxc4 19. bxc4 f5 20. Nc3 Bg7 21. Rab1 Rd6 22. Ne1 Rhd8 23. Rb3 Kc7 24. Rcb1 Ba8 25. a4 Nd7 26. a5 Ne5 27. Na4 Nxd3 28. Nxd3 Rxd3 29. Rb6 Bxg2 30. Nxc5 Bf3+ 0-1

[Event "Hastings Premier 1984/85 60th"]
[Site "Hastings"]
[Date "1984.12.30"]
[Round "2"]
[White "Flear, Glenn C"]
[Black "Djuric, Stefan"]
[Result "1/2-1/2"]
[WhiteElo "2455"]
[BlackElo "2490"]
[PlyCount "131"]
[EventDate "1984.12.29"]
[EventType "tourn"]
[EventRounds "13"]
[EventCountry "ENG"]
[EventCategory "9"]
[SourceTitle "Britbase"]
[Source "John Saunders"]
[SourceDate "2025.01.01"]
[SourceVersion "1"]
[SourceVersionDate "2025.01.01"]
[SourceQuality "1"]

1. d4 Nf6 2. c4 e6 3. Nc3 Bb4 4. e3 O-O 5. Bd3 d5 6. Nf3 b6 7. a3 Be7 8. O-O Bb7 9. cxd5 exd5 10. b4 a6 11. Qb3 Bd6 12. a4 Qe7 13. b5 c5 14. bxc6 Nxc6 15. Ba3 Na5 16. Bxd6 Qxd6 17. Qa3 Qxa3 18. Rxa3 Rfc8 19. Ne5 Rc7 20. Rb1 Ne4 21. Ne2 f6 22. Nf3 Rc6 23. Kf1 Rac8 24. Ke1 R8c7 25. Nd2 f5 26. Ra2 g5 27. Rab2 Rh6 28. Nf1 Nc4 29. Bxc4 dxc4 30. Rxb6 Rxb6 31. Rxb6 g4 32. Nfg3 Nxg3 33. hxg3 Bxg2 34. Nc3 Bb7 35. Rf6 Rf7 36. Rxf7 Kxf7 37. a5 Bc6 38. Kd2 Ke6 39. Kc2 Kd6 40. Kb2 Be8 41. Ka3 Bf7 42. Kb4 h5 43. Ka3 Kc6 44. Kb4 Kd6 45. Nb1 Kc6 46. Na3 f4 47. exf4 Kd5 48. Nxc4 Kxd4 49. Ne5 Be8 50. Nc4 Bb5 51. Nd6 Bd3 52. Nb7 Bf1 53. Nc5 Kd5 54. Nb3 Bd3 55. Kc3 Bf1 56. Nd4 Ke4 57. Ne6 Kf5 58. Nc5 h4 59. gxh4 Kxf4 60. Kd4 Bb5 61. Ne4 Bc6 62. Nd2 Be8 63. Kc5 Bb5 64. Kd6 Kf5 65. Kd5 Kg6 66. Ke5 1/2-1/2

[Event "Hastings Premier 1984/85 60th"]
[Site "Hastings"]
[Date "1984.12.30"]
[Round "2"]
[White "Kupreichik, Viktor D"]
[Black "Farago, Ivan"]
[Result "1/2-1/2"]
[WhiteElo "2480"]
[BlackElo "2520"]
[PlyCount "154"]
[EventDate "1984.12.29"]
[EventType "tourn"]
[EventRounds "13"]
[EventCountry "ENG"]
[EventCategory "9"]
[SourceTitle "Britbase"]
[Source "John Saunders"]
[SourceDate "2025.01.01"]
[SourceVersion "1"]
[SourceVersionDate "2025.01.01"]
[SourceQuality "1"]

1. e4 e6 2. d4 d5 3. Nd2 c5 4. Ngf3 Nc6 5. exd5 exd5 6. Bb5 Bd6 7. O-O cxd4 8. Nb3 Nge7 9. Nbxd4 O-O 10. c3 Bg4 11. Qa4 Qd7 12. Re1 a6 13. Be2 Nxd4 14. Qxd4 Nc6 15. Qd1 Bc5 16. Bf4 Rfe8 17. Qd2 Re7 18. h3 Bf5 19. Bd3 Rae8 20. Rxe7 Rxe7 21. Rd1 h6 22. Bg3 Be6 23. Bc2 Re8 24. Bf4 Bf8 25. Bb3 Rd8 26. Nd4 Nxd4 27. Qxd4 b5 28. Qb6 Qc8 29. Qc7 Qxc7 30. Bxc7 Rd7 31. Bb6 Rb7 32. Be3 a5 33. Rd2 Rd7 34. Bd4 Rb7 35. f4 b4 36. g4 f6 37. Kg2 bxc3 38. bxc3 Ba3 39. Kf3 Kf8 40. Rd3 Bf7 41. Be3 Rb5 42. Ba4 Rb2 43. Bb3 Be7 44. Rd2 Rxd2 45. Bxd2 f5 46. gxf5 Bf6 47. Ke3 Ke7 48. Kd3 Kd6 49. Bc1 Kc5 50. Ba4 Bh5 51. Ba3+ Kb6 52. Bd6 Bf3 53. Be5 Kc5 54. Bd7 Bg2 55. h4 Bf1+ 56. Kd2 Bc4 57. a3 Ba6 58. h5 Kb6 59. Ba4 Bc4 60. Bc2 Bb5 61. Bd6 Be8 62. Bd1 Bd7 63. Bf3 Bc6 64. Kc2 Ba4+ 65. Kb2 Bc6 66. Kb3 Bb7 67. Bd1 Ba6 68. Bf3 Bb7 69. Kc2 Bc6 70. Be5 Kc5 71. Bc7 Bxc3 72. Bxd5 Kxd5 73. Kxc3 a4 74. Be5 Ke4 75. Bxg7 Kxf5 76. Bxh6 Be8 77. Kb4 Kg4 1/2-1/2

[Event "Hastings Premier 1984/85 60th"]
[Site "Hastings"]
[Date "1984.12.31"]
[Round "3"]
[White "Djuric, Stefan"]
[Black "Kupreichik, Viktor D"]
[Result "0-1"]
[WhiteElo "2490"]
[BlackElo "2480"]
[PlyCount "56"]
[EventDate "1984.12.29"]
[EventType "tourn"]
[EventRounds "13"]
[EventCountry "ENG"]
[EventCategory "9"]
[SourceTitle "Britbase"]
[Source "John Saunders"]
[SourceDate "2025.01.01"]
[SourceVersion "1"]
[SourceVersionDate "2025.01.01"]
[SourceQuality "1"]

1. c4 e5 2. Nc3 Nc6 3. e3 Nf6 4. a3 Be7 5. Nf3 O-O 6. Be2 d5 7. cxd5 Nxd5 8. O-O Be6 9. d3 a5 10. Qc2 f5 11. Rd1 Kh8 12. d4 e4 13. Ne5 Bd6 14. Nxc6 bxc6 15. g3 Qe8 16. Na4 Nf6 17. Bd2 g5 18. b4 f4 19. d5 cxd5 20. Bc3 Kg8 21. bxa5 f3 22. Bf1 Qh5 23. Bxf6 Rxf6 24. Qc6 Raf8 25. Rd2 Bxg3 26. fxg3 f2+ 27. Kh1 Qf3+ 28. Bg2 f1=Q+ 0-1

[Event "Hastings Premier 1984/85 60th"]
[Site "Hastings"]
[Date "1985.01.02"]
[Round "5"]
[White "Djuric, Stefan"]
[Black "Gutman, Lev"]
[Result "1-0"]
[WhiteElo "2490"]
[BlackElo "2485"]
[PlyCount "137"]
[EventDate "1984.12.29"]
[EventType "tourn"]
[EventRounds "13"]
[EventCountry "ENG"]
[EventCategory "9"]
[SourceTitle "Britbase"]
[Source "John Saunders"]
[SourceDate "2025.01.01"]
[SourceVersion "1"]
[SourceVersionDate "2025.01.01"]
[SourceQuality "1"]

1. d4 Nf6 2. c4 g6 3. g3 Bg7 4. Bg2 d5 5. cxd5 Nxd5 6. e4 Nb6 7. Ne2 O-O 8. O-O a5 9. Nbc3 a4 10. h3 e6 11. Bf4 Qe7 12. Qc2 Nc6 13. Rad1 e5 14. dxe5 Nxe5 15. Be3 Nec4 16. Bd4 Qb4 17. Nd5 Nxd5 18. exd5 Bf5 19. Qc1 a3 20. bxa3 Rxa3 21. Bxg7 Kxg7 22. Rd4 Bd3 23. Rh4 h5 24. Nf4 b5 25. Nxd3 Rxd3 26. a4 Qxa4 27. Rxh5 Rd2 28. Qc3+ f6 29. Rh4 Qc2 30. Qb4 Nd6 31. Rf4 Rd1 32. Rf3 Rxf1+ 33. Bxf1 Qd1 34. Rd3 Qa4 35. Qc5 Rf7 36. Ra3 Qd1 37. Ra7 Ne4 38. Qxb5 Qd4 39. Ra2 Nc3 40. Qb2 Re7 41. Qd2 Qe5 42. Ra5 Ne4 43. Qe3 c6 44. Qa3 cxd5 45. Rxd5 Qc7 46. Bg2 Nc3 47. Rd3 Ne2+ 48. Kh2 Qa7 49. Qd6 Qc7 50. Qb4 Rd7 51. Re3 Nd4 52. Re8 Qd6 53. Qc4 Nf5 54. Rg8+ Kh7 55. Ra8 Kg7 56. Qc8 Kh6 57. Ra6 Rd8 58. Rxd6 Rxc8 59. Rxf6 Rc2 60. Kg1 Rc1+ 61. Bf1 Rd1 62. h4 Kg7 63. Rc6 Rd4 64. Rc2 Kf6 65. Kg2 Rd5 66. Be2 Rd4 67. Rc6+ Kg7 68. Bf3 Kf7 69. h5 {Source: Informator 39/552} 1-0

[Event "Hastings Premier 1984/85 60th"]
[Site "Hastings"]
[Date "1985.01.04"]
[Round "6"]
[White "Fedorowicz, John P"]
[Black "Djuric, Stefan"]
[Result "1/2-1/2"]
[WhiteElo "2485"]
[BlackElo "2490"]
[PlyCount "79"]
[EventDate "1984.12.29"]
[EventType "tourn"]
[EventRounds "13"]
[EventCountry "ENG"]
[EventCategory "9"]
[SourceTitle "Britbase"]
[Source "John Saunders"]
[SourceDate "2025.01.01"]
[SourceVersion "1"]
[SourceVersionDate "2025.01.01"]
[SourceQuality "1"]

1. d4 Nf6 2. c4 g6 3. Nc3 Bg7 4. e4 d6 5. f3 a6 6. Be3 c6 7. Bd3 b5 8. Nge2 O-O 9. O-O bxc4 10. Bxc4 d5 11. Bd3 dxe4 12. Nxe4 Nd5 13. Bf2 Bh6 14. Qa4 a5 15. Nc5 Qb6 16. Rfe1 Nd7 17. Nc3 N7f6 18. N3e4 Nh5 19. Bf1 Rb8 20. Rab1 Nhf4 21. h3 Qc7 22. Nb3 Ra8 23. Rbc1 Nb4 24. Nbc5 Nh5 25. Rc4 Nd5 26. Qc2 Nb6 27. Rc3 Nd5 28. Ra3 Nb4 29. Qc4 Bf4 30. Rc3 Nd5 31. Rc2 Nb4 32. Rce2 Bh2+ 33. Kh1 Bf4 34. a3 Nd5 35. Rc2 Nb6 36. Qa2 Rd8 37. Nd3 Be6 38. Qb1 Ng3+ 39. Nxg3 Bxg3 40. Bxg3 1/2-1/2

[Event "Hastings Premier 1984/85 60th"]
[Site "Hastings"]
[Date "1985.01.07"]
[Round "9"]
[White "Djuric, Stefan"]
[Black "Sveshnikov, Evgeny"]
[Result "1-0"]
[WhiteElo "2490"]
[BlackElo "2530"]
[PlyCount "79"]
[EventDate "1984.12.29"]
[EventType "tourn"]
[EventRounds "13"]
[EventCountry "ENG"]
[EventCategory "9"]
[SourceTitle "Britbase"]
[Source "John Saunders"]
[SourceDate "2025.01.01"]
[SourceVersion "1"]
[SourceVersionDate "2025.01.01"]
[SourceQuality "1"]

1. c4 e6 2. Nf3 d5 3. d4 c6 4. Nc3 Nf6 5. Bg5 h6 6. Bxf6 Qxf6 7. e3 Nd7 8. Rc1 Bd6 9. Bd3 Qe7 10. O-O O-O 11. e4 dxe4 12. Nxe4 Bc7 13. Re1 Rd8 14. Qb3 e5 15. c5 Qe8 16. Nh4 Qe7 17. Nf5 Qe6 18. Qxe6 fxe6 19. Bc4 Nf8 20. dxe5 Bxe5 21. Rc2 b5 22. Ne7+ Kh7 23. Nxc6 bxc4 24. Nxd8 Bc7 25. Nf7 Ba6 26. Ned6 Nd7 27. c6 Nb8 28. Ne8 Ba5 29. Rxe6 Nxc6 30. Nf6+ gxf6 31. Rxc6 Re8 32. h4 Bb5 33. Rc5 a6 34. Nd6 Re1+ 35. Kh2 Bb6 36. Rc8 Ba4 37. R2xc4 Bd7 38. R8c7 Re7 39. Rb7 Bxf2 40. Rcc7 {Source: Informator 39/519} 1-0

[Event "Hastings Premier 1984/85 60th"]
[Site "Hastings"]
[Date "1985.01.07"]
[Round "9"]
[White "Martin, Andrew D"]
[Black "Ravikumar, Vaidyanathan"]
[Result "1-0"]
[WhiteElo "2445"]
[BlackElo "2385"]
[PlyCount "80"]
[EventDate "1984.12.29"]
[EventType "tourn"]
[EventRounds "13"]
[EventCountry "ENG"]
[EventCategory "9"]
[SourceTitle "Britbase"]
[Source "John Saunders"]
[SourceDate "2025.01.01"]
[SourceVersion "1"]
[SourceVersionDate "2025.01.01"]
[SourceQuality "1"]

1. e4 c5 2. Nc3 Nc6 3. f4 e6 4. Nf3 a6 5. d4 cxd4 6. Nxd4 d6 7. Be3 Nf6 8. Qf3 Bd7 9. O-O-O Qc7 10. g4 Nxd4 11. Rxd4 e5 12. Rd2 Bxg4 13. Qg3 Bd7 14. fxe5 dxe5 15. Rxd7 Qxd7 16. Bh3 Qe7 17. Rf1 h6 18. Rxf6 gxf6 19. Nd5 Qd6 20. Bb6 h5 21. Nc7+ Ke7 22. Nd5+ Ke8 23. b4 Qc6 24. Nc7+ Ke7 25. Nd5+ Ke8 26. Qg1 Rc8 27. Bxc8 Qxc8 28. Nxf6+ Ke7 29. Nd5+ Kd7 30. Qf1 Qc6 31. Qxf7+ Kc8 32. Bc7 Bh6+ 33. Kb2 Rf8 34. Qh7 Be3 35. Ne7+ Kxc7 36. Nxc6+ Kxc6 37. Qg6+ Kd7 38. Qg7+ Ke8 39. Qxe5+ Kd7 40. Qg7+ Ke8 {Source: Informator 39/290} 1-0

[Event "Hastings Premier 1984/85 60th"]
[Site "Hastings"]
[Date "1985.01.09"]
[Round "10"]
[White "Farago, Ivan"]
[Black "Djuric, Stefan"]
[Result "1/2-1/2"]
[WhiteElo "2520"]
[BlackElo "2490"]
[PlyCount "68"]
[EventDate "1984.12.29"]
[EventType "tourn"]
[EventRounds "13"]
[EventCountry "ENG"]
[EventCategory "9"]
[SourceTitle "Britbase"]
[Source "John Saunders"]
[SourceDate "2025.01.01"]
[SourceVersion "1"]
[SourceVersionDate "2025.01.01"]
[SourceQuality "1"]

1. d4 Nf6 2. c4 e6 3. Nf3 d5 4. Bg5 h6 5. Bxf6 Qxf6 6. Nc3 c6 7. Qc2 dxc4 8. e3 b5 9. a4 a6 10. axb5 cxb5 11. Nxb5 Bb4+ 12. Nc3 O-O 13. Bxc4 Bb7 14. Be2 Nd7 15. O-O e5 16. Qb3 a5 17. Na2 e4 18. Nd2 Bxd2 19. Qxb7 Qe6 20. d5 Qd6 21. Qc6 Qxc6 22. dxc6 Nc5 23. Rad1 Nb3 24. Bc4 a4 25. Bxb3 axb3 26. Nc1 Bxc1 27. Rxc1 Ra2 28. g4 Rxb2 29. Rc3 Rc8 30. Rfc1 Rc7 31. Kg2 g5 32. Rc4 Rd2 33. Rb1 Rc2 34. Rc1 Rd2 1/2-1/2

[Event "Hastings Premier 1984/85 60th"]
[Site "Hastings"]
[Date "1985.01.09"]
[Round "10"]
[White "Gutman, Lev"]
[Black "Kupreichik, Viktor D"]
[Result "0-1"]
[WhiteElo "2485"]
[BlackElo "2480"]
[PlyCount "74"]
[EventDate "1984.12.29"]
[EventType "tourn"]
[EventRounds "13"]
[EventCountry "ENG"]
[EventCategory "9"]
[SourceTitle "Britbase"]
[Source "John Saunders"]
[SourceDate "2025.01.01"]
[SourceVersion "1"]
[SourceVersionDate "2025.01.01"]
[SourceQuality "1"]

1. d4 d5 2. c4 dxc4 3. e4 Nc6 4. Nf3 Bg4 5. Bxc4 e6 6. Be3 Bxf3 7. gxf3 Qf6 8. Bb5 Nge7 9. Nc3 O-O-O 10. Qa4 Qxf3 11. Rg1 g6 12. Be2 Qf6 13. O-O-O Bg7 14. Bg5 Qxf2 15. Rgf1 Qxh2 16. Bxe7 Rxd4 17. Bc4 Rxd1+ 18. Rxd1 Qf4+ 19. Kb1 Bxc3 20. bxc3 Qxe4+ 21. Ka1 Qe5 22. Ba3 Rd8 23. Rxd8+ Nxd8 24. Kb2 Qe4 25. Qb5 Qc6 26. Qb4 Qb6 27. Kc2 Qxb4 28. cxb4 Kd7 29. Bb2 f5 30. Kd3 Kd6 31. Bd4 b6 32. Bg1 g5 33. Bh2+ e5 34. Bg1 Ne6 35. a4 e4+ 36. Kc3 f4 37. a5 e3 {Sources: CHESS, January 1985, Vol.49/941-2, p268; Informator 39/466} 0-1

[Event "Hastings Premier 1984/85 60th"]
[Site "Hastings"]
[Date "1985.01.10"]
[Round "11"]
[White "Djuric, Stefan"]
[Black "Plaskett, H James"]
[Result "0-1"]
[WhiteElo "2490"]
[BlackElo "2470"]
[PlyCount "82"]
[EventDate "1984.12.29"]
[EventType "tourn"]
[EventRounds "13"]
[EventCountry "ENG"]
[EventCategory "9"]
[SourceTitle "Britbase"]
[Source "John Saunders"]
[SourceDate "2025.01.01"]
[SourceVersion "1"]
[SourceVersionDate "2025.01.01"]
[SourceQuality "1"]

1. Nf3 Nf6 2. c4 e6 3. Nc3 Bb4 4. Qc2 O-O 5. a3 Bxc3 6. Qxc3 b6 7. g3 Bb7 8. Bg2 d5 9. O-O dxc4 10. Ne5 Bxg2 11. Kxg2 b5 12. d3 cxd3 13. Nxd3 Na6 14. b4 Rc8 15. f3 c5 16. bxc5 Nxc5 17. Nxc5 Qb6 18. Qb3 Qxc5 19. Be3 Qe5 20. Bxa7 Qxe2+ 21. Rf2 Qe5 22. Qb2 Qf5 23. Rb1 Nd5 24. Qxb5 Ra8 25. Bd4 Rxa3 26. Bc5 Rc3 27. Bd4 Rc1 28. Rb3 Qg6 29. Qb8 Rc7 30. Qb5 Nf4+ 31. Kh1 Rc1+ 32. Rf1 Rc2 33. Rf2 Rxf2 34. Bxf2 Qc2 35. gxf4 Qxf2 36. Qd3 h6 37. Rb1 Rc8 38. Rf1 Qh4 39. f5 Rd8 40. Qe4 Qh3 41. Re1 Rd2 {Sources: CHESS, February 1985, Vol.49/943-4, p295; Informator 39/26} 0-1

[Event "Hastings Premier 1984/85 60th"]
[Site "Hastings"]
[Date "1985.01.10"]
[Round "11"]
[White "Martin, Andrew D"]
[Black "Farago, Ivan"]
[Result "1/2-1/2"]
[WhiteElo "2445"]
[BlackElo "2520"]
[PlyCount "82"]
[EventDate "1984.12.29"]
[EventType "tourn"]
[EventRounds "13"]
[EventCountry "ENG"]
[EventCategory "9"]
[SourceTitle "Britbase"]
[Source "John Saunders"]
[SourceDate "2025.01.01"]
[SourceVersion "1"]
[SourceVersionDate "2025.01.01"]
[SourceQuality "1"]

1. d4 Nf6 2. c4 e6 3. Nc3 Bb4 4. e3 O-O 5. Bd3 d5 6. cxd5 exd5 7. Nge2 Bd6 8. a3 a5 9. Ng3 Re8 10. O-O c6 11. Qc2 Na6 12. Bd2 c5 13. Bb5 Bd7 14. dxc5 Nxc5 15. Rad1 Rc8 16. Bxd7 Qxd7 17. Bc1 Bxg3 18. hxg3 Nce4 19. Rd4 Qf5 20. Qd1 Re5 21. Ne2 Qg6 22. Nf4 Qh6 23. Bd2 g5 24. Nh3 b6 25. f4 Re6 26. fxg5 Nxg5 27. Rg4 Nxg4 28. Qxg4 Rc2 29. Nxg5 Qg6 30. Bc3 Rxc3 31. bxc3 h6 32. Rxf7 hxg5 33. Rf5 Re4 34. Qf3 g4 35. Qf2 Rxe3 36. Qxe3 Qxf5 37. Qxb6 Qe4 38. Qb8+ Kg7 39. Qc7+ Kg8 40. Qc8+ Kg7 41. Qd7+ Kg8 {Source: Informator 39/707} 1/2-1/2

[Event "Hastings Premier 1984/85 60th"]
[Site "Hastings"]
[Date "1985.01.11"]
[Round "12"]
[White "Djuric, Stefan"]
[Black "Martin, Andrew D"]
[Result "1/2-1/2"]
[WhiteElo "2490"]
[BlackElo "2445"]
[PlyCount "89"]
[EventDate "1984.12.29"]
[EventType "tourn"]
[EventRounds "13"]
[EventCountry "ENG"]
[EventCategory "9"]
[SourceTitle "Britbase"]
[Source "John Saunders"]
[SourceDate "2025.01.01"]
[SourceVersion "1"]
[SourceVersionDate "2025.01.01"]
[SourceQuality "1"]

1. d4 d5 2. c4 e6 3. Nf3 c6 4. Nc3 dxc4 5. e3 b5 6. a4 Bb4 7. Nd2 Ne7 8. axb5 Bxc3 9. bxc3 cxb5 10. Ba3 Nbc6 11. Be2 Rb8 12. Bf3 a5 13. Bxc6+ Nxc6 14. Qg4 g6 15. Bc5 f5 16. Qg3 Kf7 17. h4 h6 18. e4 Bd7 19. O-O g5 20. exf5 exf5 21. Rfe1 Be6 22. hxg5 hxg5 23. Nf3 Rg8 24. Ne5+ Nxe5 25. Qxe5 Re8 26. Re3 f4 27. Ree1 Bg4 28. Qxe8+ Qxe8 29. Rxe8 Rxe8 30. Rxa5 Re1+ 31. Kh2 Rc1 32. Bb4 Rc2 33. Kg1 Rc1+ 34. Kh2 Rc2 35. Rxb5 Kf6 36. Kg1 Rc1+ 37. Kh2 Rc2 38. Rb6+ Kf5 39. Kg1 Rc1+ 40. Kh2 Rc2 41. Rc6 Rxf2 42. Rc5+ Kg6 43. Kg1 Rd2 44. Rxc4 Bf5 45. d5 1/2-1/2

[Event "Hastings Premier 1984/85 60th"]
[Site "Hastings"]
[Date "1985.01.13"]
[Round "13"]
[White "Abramovic, Bosko"]
[Black "Farago, Ivan"]
[Result "1/2-1/2"]
[WhiteElo "2480"]
[BlackElo "2520"]
[PlyCount "21"]
[EventDate "1984.12.29"]
[EventType "tourn"]
[EventRounds "13"]
[EventCountry "ENG"]
[EventCategory "9"]
[SourceTitle "Britbase"]
[Source "John Saunders"]
[SourceDate "2025.01.01"]
[SourceVersion "1"]
[SourceVersionDate "2025.01.01"]
[SourceQuality "1"]

1. e4 c5 2. Nf3 e6 3. c3 d5 4. exd5 exd5 5. d4 Nc6 6. Bb5 Bd6 7. O-O Nge7 8. dxc5 Bxc5 9. Nbd2 O-O 10. Nb3 Bd6 11. Bg5 1/2-1/2